| 000 | 00572nam a2200181Ia 4500 | ||
|---|---|---|---|
| 003 | GCL | ||
| 008 | 140319s9999 xx 000 0 ara d | ||
| 040 |
_aGCL / _cGCL |
||
| 082 | 0 | 4 |
_a621.42 _bم م |
| 100 | 1 | _aمحمد احمد قمر | |
| 245 | 1 | 0 |
_aالمحولات الكهربية والات التيار المستمر / _cمحمد احمد قمر |
| 260 |
_a[S.N] : _bدار الراتب الجامعية ، _c1984 |
||
| 300 | _a479 ص | ||
| 490 | _a | ||
| 650 | 0 | 4 | _aالمحولات الكهربية |
| 650 | 0 | 4 | _aهندسة كهربائية |
| 942 |
_2ddc _cBK |
||
| 999 |
_c42191 _d42191 |
||